structural dynamics theory and computation, 3/e (Record no. 267413)
[ view plain ]
| 000 -LEADER | |
|---|---|
| fixed length control field | 00248 a2200109 4500 |
| 001 - CONTROL NUMBER | |
| control field | 32340 |
| 090 ## - LOCALLY ASSIGNED LC-TYPE CALL NUMBER (OCLC); LOCAL CALL NUMBER (RLIN) | |
| -- | 21719 |
| -- | 21719 |
| 100 ## - MAIN ENTRY--PERSONAL NAME | |
| Personal name | Paz,Mario |
| 245 ## - TITLE STATEMENT | |
| Title | structural dynamics theory and computation, 3/e |
| 250 ## - EDITION STATEMENT | |
| Edition statement | 3 |
| 260 ## - PUBLICATION, DISTRIBUTION, ETC. | |
| Place of publication, distribution, etc. | N.Y |
| Name of publisher, distributor, etc. | Chapman & Hall |
| Date of publication, distribution, etc. | 1991 |
| 942 ## - ADDED ENTRY ELEMENTS (KOHA) | |
| Institution code [OBSOLETE] | NUST-CAE |
| Withdrawn status | Lost status | Damaged status | Not for loan | Collection code | Permanent Location | Current Location | Date acquired | Total Checkouts | Barcode | Date last seen | Price effective from | Koha item type |
|---|---|---|---|---|---|---|---|---|---|---|---|---|
| College of Aeronautical Engineering (CAE) | College of Aeronautical Engineering (CAE) | 04/03/2017 | CAE71669 | 04/05/2017 | 04/05/2017 | Book |
